The art of living. (Record no. 12742)

000 -LEADER
fixed length control field 00637nam a2200193 a 4500
001 - CONTROL NUMBER
control field :::00010556$&:&@@
003 - CONTROL NUMBER IDENTIFIER
control field OkBaRHE
005 - DATE AND TIME OF LATEST TRANSACTION
control field 20000607103400.0
008 - FIXED-LENGTH DATA ELEMENTS--GENERAL INFORMATION
fixed length control field s1937 j 000 0 eng u
040 ## - CATALOGING SOURCE
Transcribing agency
100 1# - MAIN ENTRY--PERSONAL NAME
Personal name Peale, Norman Vincent.
245 14 - TITLE STATEMENT
Title The art of living.
260 ## - PUBLICATION, DISTRIBUTION, ETC. (IMPRINT)
Place of publication, distribution, etc New York, NY., :
Name of publisher, distributor, etc Abingdon-Cokesbury Press
Date of publication, distribution, etc c1937
300 ## - PHYSICAL DESCRIPTION
Extent 144 p. ;
Dimensions 18 cm.
650 ## - SUBJECT ADDED ENTRY--TOPICAL TERM
Topical term or geographic name as entry element Christian Life
942 ## - ADDED ENTRY ELEMENTS (KOHA)
Source of classification or shelving scheme
Koha item type Books
Copies
Copy number Koha item type Not for loan Barcode Lost status Date last seen Damaged status Date acquired Full call number Price effective from Shelving location Source of classification or shelving scheme Permanent Location Withdrawn status
1Books 10556 2010-04-14 2010-04-14BV 4501 .P42010-04-14General Stacks RHEMA Bible Training College 
2Books 15136 2010-04-14 2010-04-14BV 4501 .P42010-04-14General Stacks RHEMA Bible Training College